书目信息 |
| 题名: |
地震学中的例行数据处理
|
|
| 作者: | 哈夫斯科夫 , 奥特莫勒 著 ;刘俊民 , 朱国富 译 | |
| 分册: | ||
| 出版信息: | 北京 国防工业出版社 2017.03 |
|
| 页数: | 308页 | |
| 开本: | 24cm | |
| 丛书名: | ||
| 单 册: | ||
| 中图分类: | P315.63 | |
| 科图分类: | ||
| 主题词: | 地震数据--数据处理 | |
| 电子资源: | ||
| ISBN: | 978-7-118-10991-7 | |
| 000 | 01358nam0 2200277 450 | |
| 001 | 339 | |
| 005 | 20180922081044.19 | |
| 010 | @a978-7-118-10991-7@dCNY98.00 | |
| 100 | @a20171018d2017 em y0chiy50 ea | |
| 101 | 1 | @achi@ceng |
| 102 | @aCN@b110000 | |
| 105 | @aab z 001yy | |
| 200 | 1 | @a地震学中的例行数据处理@9di zhen xue zhong de li xing shu ju chu li@e实例数据、练习和软件@dRoutine data processing in earthquake seismology@ewith sample data, exercises and software@f(丹)延斯·哈夫斯科夫(Jens Havskov), (德)拉斯·奥特莫勒(Lars Ottemoller)著@g刘俊民, 朱国富等译@zeng |
| 210 | @a北京@c国防工业出版社@d2017.03 | |
| 215 | @a308页@c图,地图@d24cm | |
| 300 | @a装备科技译著出版基金 | |
| 330 | @a本书的内容侧重于地震数据处理实践,全面涵盖了当前的人工方法和计算机辅助方法。本书共十章,内容包括:地球结构和地震震相、仪器和波形数据、信号处理、地震定位、震级、震源机制和地震图建模、频谱分析、台阵处理、运行等。 | |
| 510 | 1 | @aRoutine data processing in earthquake seismology@ewith sample data, exercises and software@zeng |
| 606 | 0 | @a地震数据@x数据处理 |
| 690 | @aP315.63@v5 | |
| 701 | 1 | @c(丹)@a哈夫斯科夫@9ha fu si ke fu@g(Havskov, Jens)@4著 |
| 701 | 1 | @c(德)@a奥特莫勒@9ao te mo le@g(Ottemoller, Lars)@4著 |
| 702 | 0 | @a刘俊民@9liu jun min@4译 |
| 702 | 0 | @a朱国富@9zhu guo fu@4译 |
| 801 | 0 | @aCN@b91MARC@c20171018 |
| 905 | @aMuseLib@dP315.63@e124 | |
| 地震学中的例行数据处理:实例数据、练习和软件=Routine data processing in earthquake seismology:with sample data, exercises and software/(丹)延斯·哈夫斯科夫(Jens Havskov), (德)拉斯·奥特莫勒(Lars Ottemoller)著/刘俊民, 朱国富等译.-北京:国防工业出版社,2017.03 |
| 308页:图,地图;24cm |
| 装备科技译著出版基金 |
| ISBN 978-7-118-10991-7:CNY98.00 |
| 本书的内容侧重于地震数据处理实践,全面涵盖了当前的人工方法和计算机辅助方法。本书共十章,内容包括:地球结构和地震震相、仪器和波形数据、信号处理、地震定位、震级、震源机制和地震图建模、频谱分析、台阵处理、运行等。 |
| ● |
| 相关链接 |
|
|
|
|
正题名:地震学中的例行数据处理
索取号:P315.63/124
 
预约/预借
| 序号 | 登录号 | 条形码 | 馆藏地/架位号 | 状态 | 备注 |
| 1 | 1119414 | 211194143 | 第二样本阅览室/ [索取号:P315.63/124] | 在馆 | |
| 2 | 1119415 | 211194152 | 密集书库-资源管理系/ [索取号:P315.63/124] | 在馆 | |
| 3 | 1119416 | 211194161 | 第三借阅区/ [索取号:P315.63/124] | 在馆 | |
| 4 | 1119417 | 211194170 | 第三借阅区/ [索取号:P315.63/124] | 在馆 | |
| 5 | 1119418 | 211194189 | 第三借阅区/ [索取号:P315.63/124] | 在馆 |